The pet rock mystery : Squirrel Lock Holmes/ Ashley Belote.
THE CASE OF THE MISSING PET ROCK Reggie the Rabbit's Pet Rock, Dwayne (aka, "the Rock") Scene of the Pet Rock Obedience School Reggie's classmates -- and even his teacher! - and even his teacher! Detective Squirrel Lock Holmes and her partner in crime-solving -- Mole Watson -- are experts in finding lost things. But can they find Reggie's pet rock? Or will they hit rock bottom?
Record details
- ISBN: 9780593897829
- ISBN: 059389782X
- ISBN: 9780593897836
- ISBN: 0593897838
- Physical Description: 67 pages : color illustrations ; 22 cm
- Publisher: New York : RH Graphic, 2026
Content descriptions
| General Note: | "A Stepping Stone Book" -- title page verso. |
| Formatted Contents Note: | Gone missing! -- Ask questions -- The scene of the crime -- The suspects -- Case closed. |
| Awards Note: | A Junior Library Guild Gold Standard selection |
Search for related items by subject
| Subject: | Forest animals > Comic books, strips, etc. Lost articles > Comic books, strips, etc. Squirrels > Comic books, strips, etc. Rocks Lost and found possessions > Fiction. |
| Genre: | Fiction. Detective and mystery comics. Funny animal comics. Graphic novels. |
Search for related items by series
| LDR | 03644cam a22007218i 4500 | ||
|---|---|---|---|
| 001 | 167411 | ||
| 003 | SBPL | ||
| 005 | 20260420160939.0 | ||
| 008 | 250602t20262026nyua b 6 000 1 eng | ||
| 007 | ta | ||
| 010 | . | ‡a 2024052380 | |
| 020 | . | ‡a9780593897829 ‡q(hardcover) | |
| 020 | . | ‡a059389782X ‡q(hardcover) | |
| 020 | . | ‡a9780593897836 ‡q(library binding) | |
| 020 | . | ‡a0593897838 ‡q(library binding) | |
| 035 | . | ‡a(OCoLC)1528566424 | |
| 050 | 0 | 0. | ‡aPZ7.7.B4355 ‡bPe 2026 |
| 082 | 0 | 0. | ‡a741.5/973 ‡223/eng/20250602 |
| 100 | 1 | . | ‡aBelote, Ashley,: ‡eauthor,: ‡eillustrator. |
| 245 | 1 | 4. | ‡aThe pet rock mystery : ‡bSquirrel Lock Holmes/ ‡cAshley Belote. |
| 264 | 1. | ‡aNew York : ‡bRH Graphic, ‡c2026 | |
| 300 | . | ‡a67 pages : ‡bcolor illustrations ; ‡c22 cm | |
| 334 | . | ‡asingle unit ‡bmono | |
| 336 | . | ‡atext ‡btxt ‡2rdacontent | |
| 336 | . | ‡astill image ‡bsti ‡2rdacontent | |
| 337 | . | ‡aunmediated ‡bn ‡2rdamedia | |
| 338 | . | ‡avolume ‡bnc ‡2rdacarrier | |
| 385 | . | ‡mAge group ‡nage ‡aChildren | |
| 490 | 1 | . | ‡aSquirrel Lock Holmes ; ‡vBk 1 |
| 500 | . | ‡a"A Stepping Stone Book" -- title page verso. | |
| 505 | 0 | 0. | ‡tGone missing! -- ‡tAsk questions -- ‡tThe scene of the crime -- ‡tThe suspects -- ‡tCase closed. |
| 520 | . | ‡aTHE CASE OF THE MISSING PET ROCK Reggie the Rabbit's Pet Rock, Dwayne (aka, "the Rock") Scene of the Pet Rock Obedience School Reggie's classmates -- and even his teacher! - and even his teacher! Detective Squirrel Lock Holmes and her partner in crime-solving -- Mole Watson -- are experts in finding lost things. But can they find Reggie's pet rock? Or will they hit rock bottom? | |
| 586 | 8 | . | ‡aA Junior Library Guild Gold Standard selection |
| 650 | 0. | ‡aForest animals ‡vComic books, strips, etc. | |
| 650 | 0. | ‡aLost articles ‡vComic books, strips, etc. | |
| 650 | 0. | ‡aSquirrels ‡vComic books, strips, etc. | |
| 650 | 0. | ‡aRocks | |
| 650 | 0. | ‡aLost and found possessions ‡vFiction. | |
| 655 | 7. | ‡aFiction. ‡2lcgft | |
| 655 | 7. | ‡aDetective and mystery comics. ‡2lcgft | |
| 655 | 7. | ‡aFunny animal comics. ‡2lcgft | |
| 655 | 7. | ‡aGraphic novels. ‡2lcgft | |
| 710 | 2 | . | ‡aRH Graphic,: ‡epublisher. |
| 710 | 2 | . | ‡aPenguin Random House. |
| 830 | 1 | . | ‡aBelote, Ashley. ‡tSquirrel Lock Holmes ; ‡vBk 1. |
| 901 | . | ‡a167411 ‡bAUTOGEN ‡c167411 ‡tbiblio | |